| 000 | 00817nam a22002657a 4500 | ||
|---|---|---|---|
| 999 |
_c11555 _d11555 |
||
| 003 | AR-CdUCM | ||
| 008 | 190403b ||||| |||| 00| 0 spa d | ||
| 040 |
_aMUNICIPALIDAD PROVINCIAL DEL CUSCO _cBIBLIOTECA MUNICIPAL DEL CUSCO |
||
| 041 | _hpo | ||
| 082 |
_aES / 808.8 / _bL82 _27ed. |
||
| 100 |
_aLobato, Monteiro _927161 |
||
| 245 | _aEl Minotauro / | ||
| 260 |
_aBuenos Aires : _bLosada, _c1957. |
||
| 300 |
_a156 paginas ; _bIlustraciones, graficos, dibujos, _c20 cm. |
||
| 440 |
_aMonteiro Lobato _n3 _928976 |
||
| 500 | _aCuento Historias | ||
| 650 |
_aCuentos _9217 |
||
| 650 |
_aHistoria _9136 |
||
| 650 |
_aLiteratura _983 |
||
| 650 |
_aInfantiles y adolescentes _928676 |
||
| 700 |
_aPrieto, Ramon _928677 |
||
| 700 |
_aBaldessari, Silvio _928690 |
||
| 942 |
_2ddc _cLIBROS |
||
| 945 |
_apjha _d2019/04/04 |
||